Việt Nam đất nước con người

Shranjeno v:
Bibliografske podrobnosti
Format: Knjiga
Jezik:Undetermined
Izdano: Thành phố Hồ Chí Minh Thành phố Hồ Chí Minh 2002
Teme:
Oznake: Označite
Brez oznak, prvi označite!
Thư viện lưu trữ: Trung tâm Học liệu Trường Đại học Cần Thơ
LEADER 00709nam a2200193Ia 4500
001 CTU_137537
008 210402s9999 xx 000 0 und d
020 |c 26000 
082 |a 915.97 
082 |b V308/CD.8 
245 0 |a Việt Nam đất nước con người 
245 0 |c Hãng phim truyền hình thành phố Hồ Chí Minh ; Nguyễn Đăng Cầu ; Việt Oanh biên tập 
260 |a Thành phố Hồ Chí Minh 
260 |b Thành phố Hồ Chí Minh 
260 |c 2002 
650 |a Vietnam,Việt Nam 
650 |x Description and travel,Mô tả và du hành 
904 |i Tuyến 
980 |a Trung tâm Học liệu Trường Đại học Cần Thơ